1681 1533 1893 1729 1328 1769 1032 1319 1220 1832 1759 1517 1783 1220 1158 1703 1103 1164 1486 1945 1945 1174 1974 1662 1966 1562 1461 1805 1665 1482 1825 1663 1419 1925 1721 1719 1583 1642 1387 1750 1798 1077 1390 1503 1907 1880 1168 1660 1370 1494 1454 1757 1106 1592 1703 1846 1653 1760 1806 1099 1246 1444 1522 1003 1689 1984 1710 1178 1139 1308 1112 1342 1077 1809 1363 1595 1888 1024 1143 1302 1525 1974 1025 1050 1923 1006 1513 1801 1450 1473 1518 1423 1106 1814 1476 1081 1401 1236 1208 BCNSPRNW ULIB Ver.6.0+V

เปลี่ยนเป็นภาษาไทย

Change to English
 แสดงรายละเอียดบรรณานุกรม
  กลับหน้าหลัก

Brief Record : Get Marc (ISO 2709) : E-mail record : QR code < ปิดหน้าต่าง
LEADER : 00000nam 2200000uu 4500
001    13399115107
003     ULIB
008    120710s2550||||th 000 0 tha d
020    ^a9789747881356
050  4 ^aP^bส666ว
100 0  ^aฝ่ายวิชาการนิตยสาร Ezy Englilsh & Internet Magazine
245 10 ^aBasic Grammar In Action =^cฝ่ายวิชาการนิตยสาร Ezy Englilsh & Internet Magazine
246 31 ^aFoundamental English
250    ^aพิมพ์ครั้งที่ 1
260    ^aกรุงเทพฯ :^bสารสาร มาร์เก็ตติ้ง
300    ^a160 หน้า
650  7 ^aภาษาอังกฤษ
945    ^p0^l0^i9534
995    ^aกัณชพร
999    ^aใช้งานได้ทุกระบบ
รายการนี้ยังไม่มีแท็ก
คุณยังไม่ได้ล็อกอิน คุณสามารถมีกิจกรรมร่วมกับเว็บไซต์ได้ แต่ต้องล็อกอินก่อน ::
  ล็อกอิน

รายการสื่อสารสนเทศ

ลำดับที่ ประเภท เลขเรียก/บาร์โค้ด สถานที่ สถานะ
- ไม่พบข้อมูล -

รายการใกล้เคียง
    หัวเรื่อง [ภาษาอังกฤษ]

BibComment


ยังไม่เคยถูกคอมเมนท์

คอมเมนท์ทรัพยากรรายการนี้
  คอมเมนท์: Basic Grammar In..


 Copyright 2026. Bcnsprnw @Library